Logo

Description automatically generated
विद्यार्जन
 संसाधन केंद्र, भारतीय प्रौद्योगिकी संस्थान इन्दौर
Learning Resource Center, Indian Institute of Technology Indore

ऑनलाइन सार्वजनिक अभिगम प्रसूची
Online Public Access Catalogue (OPAC)

Life 3.0 : being human in the age of artificial intelligence (Record no. 57348)

MARC details
000 -LEADER
fixed length control field 00658nam a2200217Ia 4500
005 - DATE AND TIME OF LATEST TRANSACTION
control field 20260704175957.0
008 - FIXED-LENGTH DATA ELEMENTS--GENERAL INFORMATION
fixed length control field 260704s9999||||xx |||||||||||||| ||und||
020 ## - INTERNATIONAL STANDARD BOOK NUMBER
International Standard Book Number 9780241237199
Qualifying information hb
082 ## - DEWEY DECIMAL CLASSIFICATION NUMBER
Classification number 006.3
Item number TEG
100 ## - MAIN ENTRY--PERSONAL NAME
Personal name Tegmark, Max
245 #0 - TITLE STATEMENT
Title Life 3.0 : being human in the age of artificial intelligence
260 ## - PUBLICATION, DISTRIBUTION, ETC.
Place of publication, distribution, etc. UK
Name of publisher, distributor, etc. Allen Lane an imprint of Penguin Books
Date of publication, distribution, etc. 2017
300 ## - PHYSICAL DESCRIPTION
Extent xii, 364p. ; 24cm.
653 ## - INDEX TERM--UNCONTROLLED
Uncontrolled term Artificial intelligence
653 ## - INDEX TERM--UNCONTROLLED
Uncontrolled term Future studies
653 ## - INDEX TERM--UNCONTROLLED
Uncontrolled term Human-computer interaction
653 ## - INDEX TERM--UNCONTROLLED
Uncontrolled term Information society
653 ## - INDEX TERM--UNCONTROLLED
Uncontrolled term Technological innovations
653 ## - INDEX TERM--UNCONTROLLED
Uncontrolled term Technological innovations
942 ## - ADDED ENTRY ELEMENTS (KOHA)
Koha item type Book
Holdings
Withdrawn status Lost status Damaged status Not for loan Home library Current library Shelving location Date acquired Source of acquisition Total Checkouts Full call number Barcode Date last seen Price effective from Koha item type
        LRC, IIT Indore LRC, IIT Indore 3rd Floor - General Stack 04/07/2026 Gratis Book Price: GBP 20.00   006.3 TEG G2573 04/07/2026 04/07/2026 Book
Copyright © 2017-2026 Indian Institute of Technology Indore. All Rights Reserved.
Managed & maintained by Learning Resource Center, IIT Indore